Jinkō U-tān to Nihon no shakai /

Saved in:
Bibliographic Details
Main Author: Okada, Makoto, 1932-
Format: Book
Language:Japanese
Published: Tōkyō : Taimeidō, Shōwa 51 [1976]
Subjects:
Tags: Add Tag
No Tags, Be the first to tag this record!
LEADER 00928nam a2200277 i 4500
001 007747151-2
005 20024617115958.0
008 900817s1976 ja b 001 0 jpn
010 |a 77811480 /J 
015 |a Ja76-22734 
035 0 |a ocm22237545 
040 |a DLC  |c WaU  |d *YNH*  |d CStRLIN 
050 0 |a HB3651  |b .O39 
100 1 |6 880-01  |a Okada, Makoto,  |d 1932- 
245 1 0 |6 880-02  |a Jinkō U-tān to Nihon no shakai /  |c Okada Makoto cho. 
260 |6 880-03  |a Tōkyō :  |b Taimeidō,  |c Shōwa 51 [1976] 
300 |a 6, 216 p.  |c 19 cm. 
504 |a Includes bibliographical references and indexes. 
650 0 |a Migration, Internal  |z Japan. 
650 0 |a Residential mobility  |z Japan. 
651 0 |a Japan  |x Population policy. 
880 1 |6 100-01  |a 岡田真,  |d 1932- 
880 1 0 |6 245-02  |a 人口Uターンと日本の社会 /  |c 岡田真著. 
880 |6 260-03  |a 東京 :  |b 大明堂,  |c 昭和51 [1976] 
988 |a 20021214 
906 |0 DLC